000 01390nam a2200361 a 4500
001 000115274
003 CHAP
005 20220329144527.0
008 190123s2018 mx a sm |||||||spa d
010 _a111735
011 _a112707
040 _cCHAP
090 _aTesis
100 1 _aGómez Vicente, Elsa.
_9136285
245 1 0 _aEtiología del agente causal de la mancha negra de la orquídea (Phalaenopsis amabalisis) /
_h[En línea]
_cpor Elsa Gómez Vicente.
260 _aChapingo, Méx. :
_bEl autor,
_c2018.
500 _aPara ver el contenido del material haga clic en la liga
502 _aTesis (Ing. Agr. Esp. en Parasitología Agrícola) -- UACH. Departamento de Parasitología Agrícola
590 _aBATCH-UPD
_b10
_c20190623
_lUCH01
_h1214
590 _aE11695DGD
_b10
_c20190623
_lUCH01
_h1213
590 _aE8697GMM
_b05
_c20190123
_lUCH01
_h0939
590 _aE8697GMM
_b05
_c20190123
_lUCH01
_h0940
590 _aE8697GMM
_b05
_c20190123
_lUCH01
_h1219
590 _aE8697GMM
_b05
_c20190517
_lUCH01
_h1536
650 1 4 _aBacterias
_xFisiología y morfología.
_9134761
650 1 4 _aBacterias
_xIdentificación.
_99320
650 1 4 _aOrquidáceas
_xEnfermedades por bacterias.
_9131912
650 1 4 _aPlantas
_xEnfermedades por hongos.
_988830
856 _aFinding aid
_uhttp://10.13.5.2/tesis/sist115274.pdf
_zTeclea aquí
901 _aBK
942 _cTESIS
942 _n0
999 _c111735
_d111735